[Event "V Memorial Pino Mascolo A"]
[Site "Barletta ITA"]
[Date "2013.10.06"]
[Round "5"]
[White "Damico, Alessandro"]
[Black "Losurdo, Gennaro"]
[WhiteElo "1557"]
[BlackElo "1425"]
[Result "0-1"]
[PlyCount "38"]
[EventDate "2013.09.28"]

1. e4 e5 2. Nf3 Nc6 3. Bc4 h6 4. Nc3 Nf6 5. d3 Bc5 6. Be3 Qe7 7. Nb5 d6 8. Bxc5
dxc5 9. Nc3 O-O 10. O-O Bg4 11. Qe2 Nd4 12. Qd1 a6 13. h3 Bxf3 14. gxf3 Nh5 15.
Kh1 Qh4 16. Kh2 Nf4 17. Bxf7+ Rxf7 18. Rh1 Qxh3+ 19. Kg1 Qg2# 0-1

[Event "V Memorial Pino Mascolo A"]
[Site "Barletta ITA"]
[Date "2013.10.06"]
[Round "5"]
[White "Lattanzio, Savino"]
[Black "Distaso, Antonio"]
[WhiteElo "2100"]
[BlackElo "2129"]
[Result "1/2-1/2"]
[PlyCount "44"]
[EventDate "2013.09.28"]

1. e4 d6 2. d4 Nf6 3. Nc3 g6 4. Nf3 Bg7 5. Be2 O-O 6. O-O Bg4 7. Be3 Nc6 8. h3
Bxf3 9. Bxf3 e5 10. dxe5 Nxe5 11. Be2 Re8 12. f4 Nc6 13. Bf3 Nd7 14. Nd5 Nb6
15. c3 Nc4 16. Bc1 N6a5 17. Qd3 c6 18. Nb4 d5 19. exd5 Qb6+ 20. Kh1 c5 21. b3
cxb4 22. bxc4 bxc3 1/2-1/2

[Event "V Memorial Pino Mascolo A"]
[Site "Barletta ITA"]
[Date "2013.10.06"]
[Round "5"]
[White "Poggiolini, Alessandro"]
[Black "Messina, Francesco"]
[WhiteElo "1950"]
[BlackElo "1904"]
[Result "1/2-1/2"]
[PlyCount "41"]
[EventDate "2013.09.28"]

1. e4 Nf6 2. e5 Nd5 3. d4 d6 4. Nf3 dxe5 5. Nxe5 c6 6. Be2 Nd7 7. Nf3 N7f6 8.
c4 Nb6 9. h3 Bf5 10. Nc3 g6 11. O-O Bg7 12. a4 a5 13. Qb3 Qc7 14. Be3 O-O 15.
d5 Nbd7 16. Nd4 Nc5 17. Qa3 Nce4 18. Nxe4 Nxe4 19. dxc6 bxc6 20. Bf3 Bxd4 21.
Bxe4 1/2-1/2

[Event "V Memorial Pino Mascolo A"]
[Site "Barletta ITA"]
[Date "2013.10.06"]
[Round "5"]
[White "Sirena, Gianni"]
[Black "Martire, Ruggiero"]
[WhiteElo "2013"]
[BlackElo "1617"]
[Result "1-0"]
[PlyCount "59"]
[EventDate "2013.09.28"]

1. e4 c5 2. Nf3 Nc6 3. d4 cxd4 4. Nxd4 Nf6 5. Nc3 g6 6. Be3 d6 7. f3 Bg7 8. Qd2
O-O 9. Bc4 Ne5 10. Bb3 a6 11. h4 h5 12. Bh6 Qc7 13. Bxg7 Kxg7 14. O-O-O b5 15.
Nd5 Nxd5 16. Bxd5 Rb8 17. g4 hxg4 18. h5 Rh8 19. hxg6 Nxg6 20. Rxh8 Nxh8 21.
Rh1 Ng6 22. Qh6+ Kf6 23. f4 e6 24. f5 exd5 25. fxg6 fxg6 26. Rf1+ Ke5 27. Qh8+
Kxe4 28. Re1+ Kf4 29. Qf6+ Kg3 30. Rg1+ 1-0

[Event "V Memorial Pino Mascolo A"]
[Site "Barletta ITA"]
[Date "2013.10.06"]
[Round "6"]
[White "Marrone, Vincenzo"]
[Black "Manfredi, Sabino"]
[WhiteElo "1933"]
[BlackElo "1735"]
[Result "1-0"]
[PlyCount "87"]
[EventDate "2013.09.28"]

1. e4 c5 2. Nf3 d6 3. d4 cxd4 4. Nxd4 Nf6 5. Nc3 a6 6. Be3 b5 7. f3 e6 8. g4
Qc7 9. Qd2 Nfd7 10. Qf2 Bb7 11. Rg1 Nc6 12. h4 Nce5 13. h5 Nb6 14. Nxe6 fxe6
15. Bxb6 Nxf3+ 16. Qxf3 Qxb6 17. O-O-O b4 18. Nb1 Rc8 19. Bd3 Be7 20. g5 Rf8
21. Qh3 Kd7 22. e5 h6 23. gxh6 gxh6 24. Rg7 d5 25. Nd2 Qd4 26. Nc4 Qf4+ 27. Kb1
Rxc4 28. Bxc4 Qxc4 29. Rg6 Qc6 30. Rxh6 Rc8 31. Qd3 a5 32. Rh7 Ba6 33. Qd2 Qc4
34. Qf2 Qc5 35. Qxc5 Rxc5 36. Rg1 Rc8 37. Rgg7 Re8 38. h6 Kd8 39. Rxe7 Rf8 40.
b3 Rf1+ 41. Kb2 Bc8 42. Ref7 Rxf7 43. Rxf7 Ke8 44. Rc7 1-0

[Event "V Memorial Pino Mascolo A"]
[Site "Barletta ITA"]
[Date "2013.10.06"]
[Round "6"]
[White "Martire, Ruggiero"]
[Black "Salvemini, Fabio"]
[WhiteElo "1617"]
[BlackElo "1923"]
[Result "1-0"]
[PlyCount "47"]
[EventDate "2013.09.28"]

1. e4 e6 2. d4 d5 3. Nd2 dxe4 4. Nxe4 Nd7 5. Nf3 Ngf6 6. Bg5 Be7 7. Ng3 O-O 8.
Bd3 b6 9. Qd2 Bb7 10. h4 c5 11. c3 cxd4 12. cxd4 Bxf3 13. gxf3 e5 14. Bh6 Nd5
15. a3 g6 16. Bxf8 Bxf8 17. h5 exd4 18. hxg6 hxg6 19. Be4 N7f6 20. Qxd4 Bg7 21.
Rd1 Qe8 22. O-O Nf4 23. Bxa8 Qxa8 24. Qxf4 1-0

[Event "V Memorial Pino Mascolo A"]
[Site "Barletta ITA"]
[Date "2013.10.06"]
[Round "6"]
[White "Pastore, Giuseppe"]
[Black "De Mola, Paolo"]
[WhiteElo "1720"]
[BlackElo "1625"]
[Result "0-1"]
[PlyCount "106"]
[EventDate "2013.09.28"]

1. d4 e6 2. e3 Nf6 3. Bd3 b6 4. Nf3 Bb7 5. Nbd2 c5 6. c3 Be7 7. O-O Qc7 8. Qe2
d5 9. e4 dxe4 10. Nxe4 Nxe4 11. Bxe4 Bxe4 12. Qxe4 Qc6 13. Qg4 Bf6 14. Bg5 Bxg5
15. Qxg5 O-O 16. dxc5 h6 17. Qe5 Qxc5 18. Qxc5 bxc5 19. Rfd1 Nc6 20. Rd6 Ne7
21. Rad1 Ng6 22. b3 a5 23. Rc6 Rfc8 24. Rdd6 Ne7 25. Rxc8+ Rxc8 26. Ne5 Kf8 27.
Ra6 Nd5 28. c4 f6 29. Nd7+ Ke8 30. cxd5 Kxd7 31. dxe6+ Ke7 32. f4 g6 33. g4 f5
34. gxf5 gxf5 35. Rxa5 Rc6 36. Kf2 Kxe6 37. Rb5 Kd5 38. b4 Ke4 39. Rxc5 Ra6 40.
Ra5 Rd6 41. b5 Kxf4 42. Ra4+ Ke5 43. Rb4 Rd2+ 44. Kg3 Rxa2 45. b6 Ra8 46. b7
Rb8 47. Kf3 Kf6 48. Kf4 Ke6 49. Rb6+ Kd7 50. Kxf5 Kc7 51. Rb3 Rf8+ 52. Kg6 Kb8
53. h3 Rg8+ 0-1

[Event "V Memorial Pino Mascolo A"]
[Site "Barletta ITA"]
[Date "2013.10.06"]
[Round "6"]
[White "Santeramo, Cristina"]
[Black "Capitano, Daniel"]
[WhiteElo "1635"]
[BlackElo "1560"]
[Result "0-1"]
[PlyCount "52"]
[EventDate "2013.09.28"]

1. e4 c5 2. Nf3 e6 3. d4 cxd4 4. Nxd4 Nf6 5. Nc3 a6 6. Bd3 Qc7 7. O-O Bb4 8.
Bd2 O-O 9. a3 Be7 10. f4 Qb6 11. Be3 Nc6 12. Na4 Qa7 13. c3 b5 14. Nc2 Qc7 15.
Nb6 Rb8 16. Nxc8 Rbxc8 17. Kh1 Na5 18. Nd4 Nc4 19. Bc1 Bc5 20. b3 Nb6 21. Rf3
d5 22. e5 Ne4 23. Bxe4 dxe4 24. Rg3 Bxd4 25. Qxd4 Rfd8 26. Qxe4 Rd1+ 0-1